বঙ্গবন্ধু স্মারক বক্তৃতামালা ২০১৪-২০২১ / (Record no. 34475)

MARC details
000 -LEADER
fixed length control field 00808nam a22001937a 4500
003 - CONTROL NUMBER IDENTIFIER
control field BDDh-ASL
005 - DATE AND TIME OF LATEST TRANSACTION
control field 20231204114759.0
008 - FIXED-LENGTH DATA ELEMENTS--GENERAL INFORMATION
fixed length control field 231204s2021 b ||||| |||| 00| 0 b d
040 ## - CATALOGING SOURCE
Original cataloging agency BDDh-ASL
Transcribing agency BDDh-ASL
041 ## - LANGUAGE CODE
Language code of text/sound track or separate title ben
082 ## - DEWEY DECIMAL CLASSIFICATION NUMBER
Classification number 923.5492
Item number BAN
245 00 - TITLE STATEMENT
Title বঙ্গবন্ধু স্মারক বক্তৃতামালা ২০১৪-২০২১ /
246 ## - VARYING FORM OF TITLE
Title proper/short title Bangabandhu Sarok Boktritamala 2014-2021.
260 ## - PUBLICATION, DISTRIBUTION, ETC.
Place of publication, distribution, etc. Dhaka:
Name of publisher, distributor, etc. Asiatic Society of Bangladesh,
Date of publication, distribution, etc. 2021.
300 ## - PHYSICAL DESCRIPTION
Extent p. 335 :
Dimensions 23 cm.
600 10 - SUBJECT ADDED ENTRY--PERSONAL NAME
Personal name Rahman, Sheikh Mujibur ( শেখ মুজিবুর রহমান)
Titles and other words associated with a name Bangabandhu (বঙ্গবন্ধু)
Dates associated with a name 1920-1975 (১৯২০-১৯৭৫)
9 (RLIN) 3054
700 1# - ADDED ENTRY--PERSONAL NAME
Personal name রহমান, এস এম মাহফুজুর
9 (RLIN) 8337
942 ## - ADDED ENTRY ELEMENTS (KOHA)
Source of classification or shelving scheme Dewey Decimal Classification
Koha item type Books
Holdings
Withdrawn status Lost status Source of classification or shelving scheme Damaged status Not for loan Collection code Home library Current library Shelving location Date acquired Source of acquisition Serial Enumeration / chronology Total Checkouts Full call number Barcode Date last seen Copy number Price effective from Koha item type Public note
    Dewey Decimal Classification     Non-fiction Asiatic Society Library Asiatic Society Library General Stacks 12/04/2023 ASB Publications ASP-149   923.5492 BAN 125272 12/04/2023 C-1 12/04/2023 Books Y-2021
    Dewey Decimal Classification     Non-fiction Asiatic Society Library Asiatic Society Library General Stacks 12/04/2023 ASB Publications ASP-149   923.5492 BAN 125273 12/04/2023 C-2 12/04/2023 Books Y-2021
    Dewey Decimal Classification     Non-fiction Asiatic Society Library Asiatic Society Library General Stacks 12/04/2023 ASB Publications ASP-149   923.5492 BAN 125274 12/04/2023 C-3 12/04/2023 Books Y-2021
    Dewey Decimal Classification     Non-fiction Asiatic Society Library Asiatic Society Library General Stacks 12/04/2023 ASB Publications ASP-149   923.5492 BAN 125275 12/04/2023 C-4 12/04/2023 Books Y-2021
    Dewey Decimal Classification     Non-fiction Asiatic Society Library Asiatic Society Library General Stacks 12/04/2023 ASB Publications ASP-149   923.5492 BAN 125276 12/04/2023 C-5 12/04/2023 Books Y-2021

Powered by Koha